Fundamentals Of Heat And Mass Transfer (Record no. 301101)

MARC details
000 -LEADER
fixed length control field 00445nam a2200169Ia 4500
008 - FIXED-LENGTH DATA ELEMENTS--GENERAL INFORMATION
fixed length control field 230718s9999 xx 000 0 und d
041 ## - LANGUAGE CODE
Language code of text/sound track or separate title eng
082 ## - DEWEY DECIMAL CLASSIFICATION NUMBER
Classification number 621.402'2
Item number ROY
100 ## - MAIN ENTRY--PERSONAL NAME
Personal name Roy G.K.
245 ## - TITLE STATEMENT
Title Fundamentals Of Heat And Mass Transfer
250 ## - EDITION STATEMENT
Edition statement 3rd ed.
260 ## - PUBLICATION, DISTRIBUTION, ETC. (IMPRINT)
Date of publication, distribution, etc. 2000
Name of publisher, distributor, etc. Khanna Publishers
300 ## - PHYSICAL DESCRIPTION
Extent 391
Accompanying material [OBSOLETE, CAN/MARC] Ref 85 G (12305)
365 ## - TRADE PRICE
Currency code Rs.
Price amount 75.00
700 ## - ADDED ENTRY--PERSONAL NAME
Personal name Roy G.K.
906 ## - LOCAL DATA ELEMENT F, LDF (RLIN)
d B:1075803-Feb-2001
c ARCHIT
b 11.25
Holdings
Withdrawn status Lost status Damaged status Not for loan Home library Current library Date acquired Vendor Budget Code Cost, normal purchase price Bill number Total Checkouts Full call number Barcode Date last seen Discount Cost, replacement price Bill Date Koha item type Original Barcode
        Cummins College of Engineering for Women Pune Cummins College of Engineering for Women Pune 05/02/2001 Pradeep Book Distributors ARCHIT 63.75 10758   621.402'2 CCEP-BK-12307 18/07/2023 11.25 75.00 03/02/2001 Books 012307